000 01297nam a2200325 i 4500
003 EG-GICUC
005 20260121101533.0
008 251223s1981 ua ||||fr|||| 00| 0 ara d
017 _a1981/4154
040 _a EG-GICUC
_bara
_c EG-GICUC
_d EG-GICUC
_erda
041 1 _aara
082 0 4 _221
_a343.643
_bن و . ع
092 0 4 _221
099 _aLaw1 10 343.643 ن و . ع 1981
100 0 _aنويل تايمز
_eمؤلف.
245 1 0 _aعلم الأجتماع ودراسة :
_bالمشكلات الأجتماعية /
_cتأليف نويل تايمز ؛ ترجمة الكتور غريب محمد سيد أحمد.
264 1 _aالإسكندرية :
_bدار المعرفة الجامعية،
_c1981.
300 _a194 ؛ صفحة
_c24 سم.
336 _2rda content
_atext
337 _2rda media
_aComputer
338 _2rda carrier
_aOnline Resource
504 _a. 145-194 ببليوجرافيا: صفحات
546 _aالنص باللغة العربية مترجم من الانجليزية
650 1 4 _aالبيئة الأجتماعية والجريمة
650 1 4 _aالقانون الجنائي
700 _aغريب محمد سيد أحمد
_eمترجم.
856 4 0 _uhttps://fll.law.cu.edu.eg/fulltext/bks/B10-07205.pdf
905 _a77
942 _2ddc
_cBK
_e21
_n0
999 _c52190
_d52190